|
|
|
|
| LEADER |
00000cam a22000004a 4500 |
| 001 |
musev2_45162 |
| 003 |
MdBmJHUP |
| 005 |
20230905044726.0 |
| 006 |
m o d |
| 007 |
cr||||||||nn|n |
| 008 |
160404s2015 nju o 00 0 eng d |
| 020 |
|
|
|a 9781400868681
|
| 020 |
|
|
|z 9780691082196
|
| 020 |
|
|
|z 9780691608686
|
| 020 |
|
|
|z 9780691082202
|
| 020 |
|
|
|z 9780691637105
|
| 040 |
|
|
|a MdBmJHUP
|c MdBmJHUP
|
| 100 |
1 |
|
|a Thompson, Colin J.,
|
| 245 |
1 |
0 |
|a Mathematical Statistical Mechanics
|
| 250 |
|
|
|a Online-ausg.
|
| 264 |
|
1 |
|a Princeton :
|b Princeton University Press,
|c 2015.
|
| 264 |
|
3 |
|a Baltimore, Md. :
|b Project MUSE,
|c 0000
|
| 264 |
|
4 |
|c ©2015.
|
| 300 |
|
|
|a 1 online resource.
|
| 336 |
|
|
|a text
|b txt
|2 rdacontent
|
| 337 |
|
|
|a computer
|b c
|2 rdamedia
|
| 338 |
|
|
|a online resource
|b cr
|2 rdacarrier
|
| 490 |
0 |
|
|a EBL-Schweitzer
|
| 490 |
0 |
|
|a Princeton Legacy Library
|
| 505 |
0 |
0 |
|t Frontmatter --
|t Preface --
|t Contents --
|t Note to the Reader --
|t 1. Kinetic Theory --
|t 2. Thermodynamics --
|t 3. The Gibbs Ensembles and the Thermodynamic Limit --
|t 4. Phase Transitions and Critical Points --
|t 5. The Ising Model: Algebraic Approach --
|t 6. The Ising Model: Combinatorial Approach --
|t 7. Some Applications of the Ising Model to Biology --
|t Appendixes --
|t Bibliography --
|t Index
|
| 588 |
|
|
|a Description based on print version record.
|
| 650 |
|
7 |
|a Statistical mechanics
|2 fast
|0 (OCoLC)fst01132070
|
| 650 |
|
7 |
|a Mathematical physics
|2 fast
|0 (OCoLC)fst01012104
|
| 650 |
|
7 |
|a Biomathematics
|2 fast
|0 (OCoLC)fst00832555
|
| 650 |
|
7 |
|a SCIENCE / General.
|2 bisacsh
|
| 650 |
|
0 |
|a Statistical mechanics.
|
| 650 |
|
0 |
|a Mathematical physics.
|
| 650 |
|
0 |
|a Biomathematics.
|
| 655 |
|
7 |
|a Electronic books.
|2 local
|
| 710 |
2 |
|
|a Project Muse.
|e distributor
|
| 830 |
|
0 |
|a Book collections on Project MUSE.
|
| 856 |
4 |
0 |
|z Texto completo
|u https://projectmuse.uam.elogim.com/book/45162/
|
| 945 |
|
|
|a Project MUSE - Custom Collection
|